| 000 | 00556nam a2200169 a 4500 | ||
|---|---|---|---|
| 001 | 000026881 | ||
| 005 | 20200930030451.0 | ||
| 008 | 110328s2001 dr c 000 0 spa d | ||
| 040 |
_aDO-SdBNP _bspa _cBNPHU |
||
| 082 |
_axxxx _bG934 |
||
| 100 | 1 |
_aGuerrero Castro, Francisco, _d1964- _953993 |
|
| 245 | 1 | 0 |
_aHistoria de Salvaleón de Higüey. / _cFrancisco Guerrero Castro. |
| 260 |
_aHigüey : _bImpresora Juan XXIII, _c2001. |
||
| 300 |
_a260 p. : _bretr. ; _c24 cm. |
||
| 500 | _aIncluye datos biográficos del autor en la contracubierta. | ||
| 049 | _aBNPD | ||
| 999 |
_c26373 _d26373 |
||